[Event "FRA-ch op-B"]
[Site "Caen"]
[Date "2011.08.23"]
[Round "7"]
[White "Sally, Paul Adrien"]
[Black "Scamps, Guillaume"]
[Result "1-0"]
[WhiteElo "1979"]
[BlackElo "1858"]
[PlyCount "71"]
[EventDate "2011.08.16"]
[EventType "swiss"]
[EventRounds "11"]
[EventCountry "FRA"]
[SourceTitle "EXT 2012"]
[Source "ChessBase"]
[SourceDate "2011.11.24"]
[SourceVersion "1"]
[SourceVersionDate "2011.11.24"]
[SourceQuality "1"]

1. d4 Nf6 2. c4 c5 3. d5 b5 4. cxb5 a6 5. bxa6 Bxa6 6. b3 g6 7. Bb2 d6 8. e4 Bxf1 9. Kxf1 Bg7 10. Nd2 0-0 11. Qc2 Na6 12. a3 Nh5 13. Bxg7 Nxg7 14. g3 f5 15. Kg2 fxe4 16. Qxe4 Nf5 17. Ngf3 Nc7 18. Rhe1 Ra7 19. g4 Nh6 20. Nc4 Nb5 21. Re3 Qa8 22. h4 Nc7 23. Rd1 e6 24. Nxd6 exd5 25. Qe7 Nxg4 26. Ng5 Nxe3+ 27. fxe3 d4+ 28. e4 Ne8 29. Qe6+ Kg7 30. Qe5+ Nf6 31. Ne6+ Kg8 32. Nxf8 Qxf8 33. Rf1 Kg7 34. Qxc5 Qe7 35. Qxd4 Rxa3 36. Rxf6 1-0